MDQL
is popping MORE tags! Check the
thread
!
Quizzes
Events
Quiz Creation
Community
Videos
Private Events
Remove Ads
Sign In
Join for FREE
Feedback
Dark Mode
Quiz Categories
Sports
Geography
Music
Movies
Television
Just For Fun
Miscellaneous
History
Literature
Language
Science
Gaming
Entertainment
Religion
Holiday
For Kids
Quiz Lab
Recent
Popular Today
Quiz Kudos Today
Editor Picks
Curator Picks
Quizzes by...
Day
Popularity
Type
Ratings
Length
Year
Community
Subscriptions
Recent Discussions
Orange Saloon
Badges
Playlists
Quests
Create
Leaderboards
Showdown
Live 5
Trivia Bingo
Activity
Puzzle Library
Sporcle Events
Private Events
Virtual Trivia
Globe League
Become a Host
Pub Owners
SporcleCon
Opinionation
Our Games
Videos
Blog
Mobile Apps
Partnerships
Remove Ads and Go Orange
Feedback
Sports
Athletes
MLB
NBA
NHL
NFL
Soccer
Sports Teams
WWE
NCAA
Football
Premier League
Basketball
Baseball
Hockey
Golf
Tennis
Cricket
Rugby
Auto Racing
Olympics
World Cup
Sports
Athletes
MLB
NBA
NHL
NFL
Soccer
Sports Teams
WWE
NCAA
Football
Premier League
Basketball
Baseball
Hockey
Golf
Tennis
Cricket
Rugby
Auto Racing
Olympics
World Cup
Random Quiz
Search Sporcle
×
Quiz Lab
Quiz Lab
Sports
NBA
Type in answers that appear in a list
Type in answers that appear in a list
Classic
Best Score? Go Orange.
Top Scorers and Rebounder for Each NBA Team Stats
Leading Scorer and Top Rebounder 2012-13
By
Spork_M3
11m
120 Questions
50 Plays
50 Plays
50 Plays
Comments
Comments
Give Quiz Kudos
Give Quiz Kudos
-
- Ratings
hide this ad
Replay
Link that replays current quiz
Next Quiz
Link to next quiz in quiz playlist
You Got
0%
They Got
Avg Score
63%
Avg Friend Score
Upgrade to see
Score Distribution
Jump to the score distribution portion of the page
Score
0/120
Timer
11:00
0
Plays Today
Team
Player
% Correct
76ers
Jrue Holiday
82%
Nets
Joe Johnson
80%
Heat
LeBron James
80%
Heat (rebounder)
LeBron James
80%
Raptors (rebounder)
Amir Johnson
78%
Nets
Deron Williams
78%
Knicks
Carmelo Anthony
78%
Celtics
Rajon Rondo
78%
Hawks
Lou Williams
78%
76ers
Thaddeus Young
76%
76ers (rebounder)
Thaddeus Young
76%
Knicks (rebounder)
Tyson Chandler
76%
Celtics
Paul Pierce
76%
Celtics
Kevin Garnett
76%
Celtics (rebounder)
Kevin Garnett
76%
Heat
Dwayne Wade
76%
Nuggets
Wilson Chandler
76%
Clippers
Chris Paul
76%
Lakers
Kobe Bryant
76%
Raptors
Rudy Gay
74%
Nets
Brook Lopez
74%
Pacers
Paul George
74%
Pacers (rebounder)
Roy Hibbert
74%
Heat
Chris Bosh
74%
Wizards
John Wall
74%
Lakers
Dwight Howard
74%
Lakers (rebounder)
Dwight Howard
74%
76ers
Evan Turner
72%
Knicks
J.R. Smith
72%
Pacers
George Hill
72%
Hawks
Josh Smith
72%
Warriors
Stephen Curry
72%
Lakers
Pau Gasol
72%
Grizzlies
Marc Gasol
72%
Pacers
David West
70%
Bulls (rebounder)
Joakim Noah
70%
Hawks (rebounder)
Al Horford
70%
Bobcats
Kemba Walker
70%
Blazers
Lamarcus Aldridge
70%
Thunder
Kevin Durant
70%
Team
Player
% Correct
Thunder (rebounder)
Kevin Durant
70%
Warriors
David Lee
70%
Warriors
Klay Thompson
70%
Warriors (rebounder)
David Lee
70%
Clippers
Blake Griffin
70%
Clippers (rebounder)
Blake Griffin
70%
Spurs
Tony Parker
70%
Spurs
Tim Duncan
70%
Spurs (rebounder)
Tim Duncan
70%
Bulls
Luol Deng
68%
Bucks
Monta Ellis
68%
Blazers
Damian Lillard
68%
Thunder
Russell Westbrook
68%
Kings
DeMarcus Cousins
68%
Kings (rebounder)
DeMarcus Cousins
68%
Mavericks
Dirk Nowitzki
68%
Bulls
Carlos Boozer
66%
Cavaliers
Kyrie Irving
66%
Magic
Glen Davis
66%
Jazz
Al Jefferson
66%
Jazz (rebounder)
Al Jefferson
66%
Suns
Marcin Gortat
66%
Suns (rebounder)
Marcin Gortat
66%
Rockets
James Harden
66%
Rockets
Jeremy Lin
66%
Hornets (rebounder)
Anthony Davis
66%
Nets (rebounder)
Reggie Evans
64%
Knicks
Amare Stoudemire
64%
Bucks
Brandon Jennings
64%
Wizards
Jordan Crawford
64%
Timberwolves
Kevin Love
64%
Timberwolves (rebounder)
Kevin Love
64%
Nuggets
Ty Lawson
64%
Clippers
Jamal Crawford
64%
Kings
Tyreke Evans
64%
Pistons
Greg Monroe
62%
Pistons (rebounder)
Greg Monroe
62%
Thunder
Kevin Martin
62%
Jazz
Paul Millsap
62%
Mavericks (rebounder)
Shawn Marion
62%
Team
Player
% Correct
Grizzlies
Zach Randolph
62%
Grizzlies (rebounder)
Zach Randolph
62%
Bobcats
Gerald Henderson
60%
Wizards
Bradley Beal
60%
Spurs
Kawhi Leonard
60%
Grizzlies
Mike Conley
60%
Hornets
Eric Gordon
60%
Bucks (rebounder)
Larry Sanders
58%
Suns
Goran Dragic
58%
Bulls
Nate Robinson
56%
Raptors
DeMar DeRozan
54%
Wizards (rebounder)
Emeka Okafor
54%
Magic (rebounder)
Nikola Vucevic
54%
Nuggets (rebounder)
Kenneth Faried
54%
Jazz
Gordon Hayward
54%
Mavericks
O.J. Mayo
54%
Cavaliers
Anderson Varejao
52%
Cavaliers (rebounder)
Anderson Varejao
52%
Timberwolves
Nikola Pekovic
52%
Nuggets
Danilo Gallinari
52%
Kings
Isaiah Thomas
52%
Rockets
Chandler Parsons
52%
Rockets (rebounder)
Omer Asik
52%
Pistons
Brandon Knight
50%
Hawks
Jeff Teague
50%
Blazers
Wesley Matthews
50%
Raptors
Andrea Bargnani
48%
Cavaliers
Dion Waiters
48%
Bucks
Ersan Ilyasova
48%
Magic
Tobias Harris
46%
Magic
Aaron Afflalo
44%
Blazers (rebounder)
J.J. Hickson
44%
Mavericks
Vince Carter
44%
Bobcats (rebounder)
Bismack Biyombo
42%
Hornets
Greivis Vasquez
42%
Timberwolves
Andrei Kirilenko
32%
Suns
Luis Scola
30%
Hornets
Ryan Anderson
28%
Pistons
Tayshaun Prince
26%
Bobcats
Ramon Sessions
20%
Quiz Playlist
Details
Report
Send in Message
Add To Playlist
Classic:
Type in answers that appear in a list
Quiz Source
Last Updated: Feb 16, 2017
Quiz Scoreboard
CHALLENGE
Sign Up to Join the Scoreboard
Show All
Scores
Hide
Comments
May contain spoilers
Recently Published
Street Fighter Characters
by Artimus82
Gaming
60s
9x9 Crossword: Cartoon Network
by jackfrog10
Miscellaneous
3m
College Basketball Coaching Resumes
by pancakes188
Sports
9m
More to Explore
Quiz From the Vault
Featured Blog Post
Where Did the Easter Bunny Come From?
hide this ad
You Might Also Like...
Tags
Basketball Quiz
NBA Quiz
Leading
NBA Player
NBA Points
NBA Teams
Scorer
Today's Top Quizzes in Sports
Browse Sports
hide this ad
Today's Top Quizzes in NBA
Browse NBA
Top Contributed Quizzes in Sports
1
2022 World Cup Stars
2
Les meilleurs buteurs des matchs entre le PSG et l’OM
3
FIFA Club World Cup Champions
4
Les entraîneurs de l'OM et du PSG au 21e siècle
5
Criteria MLB: Left Handed Sluggers
6
2023 MLB Unique Player Accomplishments
7
AFC Teams Reveal (Wrong Answers Minefield)
8
5-to-1: FBS Animal Nicknames
9
Players with Multiple 50 Home Run Seasons
10
5-to-1: UK Sports Teams
Explore More
Trending Topics
Anime
Harry Potter
Marvel
Crossword
Kpop
Disney
NBA
Soccer
Puzzle
The Office
Pokémon
Country
Song
WWE
NFL
hide this ad
More By:
Spork_M3
Quiz
Plays
Rating
Category
Featured
Created
Top 3 NBA Draft Picks 2000-Present
476
4.67
Sports
Nov 8, 2013
Top Scorers and Rebounder for Each NBA Team
50
Sports
Nov 3, 2013
Go to Creator's Profile
Score Distribution
Quiz Creator Spotlight
Spork_M3
Follow
Send a Message
Quizzes Created
-
Created Quiz Play Count
-
More By This Creator
Popular Quizzes Today
1
Find the US States - No Outlines Minefield
2
Find the Countries of Europe - No Outlines Minefield
3
The Countries of the World
4
Find the US States
5
Risky Map Clicking: Biggest States A-Z
6
US States
7
Popular People in 1961
8
Movies - When Are They Set?
More Sports Quizzes
Every player to feature for Liverpool FC 2019/20
Quiz Lab
Trending Quizzes
Risky Map Clicking: Least Populous States A-Z
Countries of the World: 200 Million BC
Billboard Blitz: Aretha Franklin
1-10 Letter G Words
Famous Russians: Author or Composer?
Recently Updated
Leaping Animals
pecheneg
Reality TV Shows (A-Z)
bhenderson79
Rickey Henderson's Hall of Fame Teammates
pecheneg
Champions League XIs: Arsenal
pecheneg
Quick Pick: Celebrities in WWE's Hall of Fame
aduchscher
A-Z Keypad Blitz II
pecheneg
Multiple Oscar Actors
pecheneg
Mystery Phrase Blitz: Oscar 'Best Actors'
pecheneg
F. Scott Fitzgerald Novels
LTH
Pick 3 Villains
ddd62291
Trending Topics
Crossword
Disney
Marvel
Anime
Kpop
Harry Potter
NBA
WWE
NFL
The Office
Pokémon
Song
Puzzle
Country
Soccer
Your Account Isn't Verified!
In order to create a playlist on Sporcle, you need to verify the email address you used during registration. Go to your
Sporcle Settings
to finish the process.
Report this User
Report this user for behavior that violates our
Community Guidelines
.
Details:
Send Report
Go to the Sporcle.com Mobile Site →
Comments